000 00283nam a2200109Ia 4500
008 200302s9999 xx 000 0 und d
100 _aJohn Henry Parker
245 _aA Concise Glossary of Architectural Terms
260 _bThe Guernsey Press Ltd.
260 _c1995
300 _a330 P.,
999 _c2267
_d2267